Nisargada maḍilu. (Record no. 78094)

MARC details
000 -LEADER
fixed length control field 00538cam a22002291 4500
001 - CONTROL NUMBER
control field sa 68001623
003 - CONTROL NUMBER IDENTIFIER
control field DLC
005 - DATE AND TIME OF LATEST TRANSACTION
control field 20260227112435.0
008 - FIXED-LENGTH DATA ELEMENTS--GENERAL INFORMATION
fixed length control field 890509s1967 ii 000 0 kano
010 ## - LIBRARY OF CONGRESS CONTROL NUMBER
LC control number sa 68001623
035 ## - SYSTEM CONTROL NUMBER
System control number (OCoLC)19683015
040 ## - CATALOGING SOURCE
Original cataloging agency DLC
Transcribing agency WaU
Modifying agency DLC
042 ## - AUTHENTICATION CODE
Authentication code premarc
043 ## - GEOGRAPHIC AREA CODE
Geographic area code a-ii---
050 00 - LIBRARY OF CONGRESS CALL NUMBER
Classification number SK236.M9
Item number V4
100 1# - MAIN ENTRY--PERSONAL NAME
Personal name Veṅkaṭayya, G.
245 10 - TITLE STATEMENT
Title Nisargada maḍilu.
260 ## - PUBLICATION, DISTRIBUTION, ETC.
Date of publication, distribution, etc. [1967]
300 ## - PHYSICAL DESCRIPTION
Extent 156 p.
Dimensions 19 cm.
500 ## - GENERAL NOTE
General note In Kannada.
650 #0 - SUBJECT ADDED ENTRY--TOPICAL TERM
Topical term or geographic name entry element Hunting
Geographic subdivision India
-- Mysore

No items available.

Powered by Koha